Quiz o Kosowie - Statystyki

Ogólne statystyki
  • Ten quiz został rozwiązany 3 342 razy
  • Średni wynik to 8 z 13
Statystyki odpowiedzi
Wskazówka Odpowiedź % Poprawnych
Kraj, który twierdzi, że Kosowo jest jego częścią Serbia
96%
Stolica Prisztina
91%
Rok, w którym Kosowo ogłosiło niepodległość od powyższego państwa 2008
88%
Religia, do której należy 96% mieszkańców Kosowa Islam
81%
Imperium, do którego należało Kosowo w latach 1455–1912 Imperium Osmańskie
80%
Kosowo jest jednym z zaledwie trzech oficjalnych krajów „JetPunk”, które nie są członkiem tej organizacji Organizacja Narodów Zjednoczonych
80%
Kosowo jest trzecim ____ krajem w Europie, po Mołdawii i Ukrainie Najbiedniejszym
69%
Najczęściej używany język Albański
62%
Waluta Euro
61%
Część Kosowa, która chciała odłączyć się od Kosowa {Północne} Kosowo
43%
Angielska piosenkarka popowa śpiewająca m.in. „New Rules”, której rodzice wyemigrowali z Kosowa na krótko przed jej urodzeniem Dua Lipa
37%
Drugie co do wielkości miasto Prizren
14%
Królestwo, którego terytorium obejmowało współczesne Kosowo, zanim zostało podbite przez Rzym w 28 r. p.n.e. Dardania
5%
Nie znaleziono quizów pasujących do podanych kryteriów
Rozkład punktacji
Procent ludzi z każdym wynikiem
Percentyl według liczby udzielonych odpowiedzi
Twoja historia wyników
Nie rozwiązałeś tego quizu